000 002650000a22000970004500
100 1 _aChao Montes, J. Jorge
245 1 0 _aLos nuevo ricos y la generosidad cristiana
300 _aVol. 7, Núm 11 (1999), Páginas 7-20
773 0 _tTextos para la acción
942 _cANA
999 _c53177
_d53177